000 00942nam a2200265Ia 4500
003 OSt
005 20221005110413.0
006 a|||||r|||| 00| 0
007 ta
008 221004b |||||||| |||| 00| 0 hin d
020 _a9788180146423 (hbk)
024 _a26413
037 _bGift, 05/05/2016,
_cTextual
040 _aCRL
_cCRL
_bhin
041 _2hin
_ahin
082 _a40aO152, 152P9
100 _aराजकिशोर, संपा0
_9624109
245 0 _aमीडिया और हिंदी साहित्य
246 _aMīḍiyā aur hiandī sāhitya
260 _aनई दिल्ली
_bकिताबघर प्रकाशन भारत
_c2009
300 _a152पृ0
_ccm.
650 _aहिन्दी पत्रकारिता
942 _h40aO152, 152P9
_cTEXL
_2cc
999 _c1018704
_d1018704